000 00271nam a2200121Ia 4500
008 140626s9999 xx 000 0 und d
245 _aExecutive Briefing /
260 _cc2012.
300 _a57 : 11, page 24
440 _aHR Magazine
521 _aBSBA
942 _cSE
999 _c121492
_d121492